000 00296nam a22001337a 4500
008 171031b xxu||||| |||| 00| 0 eng d
020 _a9780558267353
041 _aeng
080 _a33
100 _a58
101 _aBUS
245 _aPEARSON CUSTOMS ECONOMICS
_cOLIVER.J.M
942 _2udc
_cBK
999 _c36702
_d36702